| 000 | 00823nam a2200229Ia 4500 | ||
|---|---|---|---|
| 001 | 87985 | ||
| 003 | 166473 | ||
| 005 | 20250129063002.0 | ||
| 008 | 021127s2002 ck ||||||m| 000 0 spa d | ||
| 245 | 0 | _aAnálisis de la gestión económica y financiera del Municipio de San José de Cúcuta | |
| 260 | _c2002. | ||
| 562 | _e1 | ||
| 650 | 0 |
_aAnálisis financiero _9106548 |
|
| 650 |
_aCUCUTA, NORTE DE SANTANDER (COLOMBIA) _996039 |
||
| 650 |
_aESPECIALIZACIÓN EN FINANZAS PÚBLICAS--TESIS Y DISERTACIONES ACADÉMICAS _934486 |
||
| 650 |
_aHACIENDA MUNICIPAL--PINCHOTE (SANTANDER, COLOMBIA) _912754 |
||
| 650 |
_aPRESUPUESTO MUNICIPAL--COLOMBIA _98432 |
||
| 650 |
_aRECAUDACIÓN DE IMPUESTOS _9108711 |
||
| 650 |
_aSITUACION FINANCIERA _972849 |
||
| 650 |
_aTESIS Y DISERTACIONES ACADÉMICAS _9108712 |
||
| 942 | _cTESIS | ||
| 999 |
_c87985 _d87985 |
||